000 00558nam a2200181Ia 4500
008 220216s9999 xx 000 0 und d
100 _aKurmi B
245 0 _aWater stable aggregates and the associated active and recalcitrant carbon in soil under rubber plantation
260 _bScience of the Total Environment
_c2020
500 _aSource Year: 2020
650 _aRecalcitrant carbon
650 _aRubber plantation
700 _aDas A.K
700 _aLal R
700 _aNath J
856 _udoi.org/10.1016/j.scitotenv.2019.135498)
942 _cJS
999 _c72302
_d72302